000 00291cam a22001217a 4500
008 180718b xxu||||| |||| 00| 0 eng d
082 _aA38 J988/W149
100 _aWalford, Walford
245 _aJuvenal
_cby Edward Walford
260 _aLondon
_bWilliam
_c
300 _a169p.
650 _aJuvenal
999 _c434224
_d434224